| 000 | 01017fam a2200205 a 4500 | ||
|---|---|---|---|
| 020 | _a0415107083 | ||
| 082 | 0 | 0 |
_a361.60941 _bCUL _cD |
| 100 | 1 |
_aCullingworth, J. B. _923610 |
|
| 245 | 1 | 0 |
_aTown and country planning in Britain / _cJ. Barry Cullingworth and Vincent Nadin. |
| 250 | _a11th ed. | ||
| 260 |
_aLondon ; _aNew York : _bRoutledge, _c1994. |
||
| 300 |
_axx, 343 p. : _bill., maps ; _c25 cm. |
||
| 500 | _aCover title: Town & country planning in Britain. | ||
| 505 | 2 | _a1. The Evolution of Town and Country Planning -- 2. The Agencies of Planning -- 3. The Planning Framework -- 4. The Control of Development -- 5. Land Policies -- 6. Planning and the Environment -- 7. Heritage Planning -- 8. Countryside Planning -- 9. Urban Policies -- 10. Transport Planning -- 11. Planning and the Public. | |
| 526 |
_a0 _b0 _c0 _d361_609410000000000_CUL |
||
| 650 | 0 |
_aCity planning _zGreat Britain. _923611 |
|
| 650 | 0 |
_aRegional planning _zGreat Britain. _923612 |
|
| 700 | 1 |
_aNadin, Vincent. _923613 |
|
| 942 |
_2ddc _cBK |
||
| 999 |
_c542717 _d542717 |
||